000 00206 a2200097 4500
001 31364
100 _aAslam
245 _aShahadat Ka Safar
260 _aLahore
_bDua publication
_c
090 _c21255
_d21255
942 _aNUST-CAE
_cM
_c12509
999 _c266437
_d266437